Belonging / (Record no. 102172)

MARC details
000 -LEADER
fixed length control field 00894nam a22002297a 4500
005 - DATE AND TIME OF LATEST TRANSACTION
control field 20170728114843.0
010 ## - LCCN (DPL NO)
LC control number 1617EN B-648622-632 ENG-117200
020 ## - INTERNATIONAL STANDARD BOOK NUMBER
International Standard Book Number 9789386050441
Terms of availability 399.00
035 ## - SYSTEM CONTROL NUMBER
System control number B-648622-632
035 ## - SYSTEM CONTROL NUMBER
System control number EN-100732
035 ## - SYSTEM CONTROL NUMBER
System control number B-667256
037 ## - SOURCE OF ACQUISITION
Stock number dpl
Source of stock number/acquisition Aakar
082 ## - DEWEY DECIMAL CLASSIFICATION NUMBER
Classification number N
100 ## - MAIN ENTRY--PERSONAL NAME
Personal name Sinha, Umi
245 ## - TITLE STATEMENT
Title Belonging /
Statement of responsibility, etc by Umi Sinha
260 ## - PUBLICATION, DISTRIBUTION, ETC. (IMPRINT)
Place of publication, distribution, etc New Delhi
Name of publisher, distributor, etc Speaking Tiger
Date of publication, distribution, etc 2015
270 ## - ADDRESS
Address 4381/4, Ansari Road, Darya Ganj,
City New Delhi
Postal code 110002
300 ## - PHYSICAL DESCRIPTION
Extent 321p.
Dimensions 19cm(pbk)
942 ## - ADDED ENTRY ELEMENTS (KOHA)
Source of classification or shelving scheme Dewey Decimal Classification
Item type English Books
Call number suffix SIN
Classification part N
Holdings
Withdrawn status Lost status Not for loan Collection code Home library Current library Date acquired Source of acquisition Cost, normal purchase price Full call number Barcode Copy number Cost, replacement price Koha item type
      Fiction Ashok Vihar Ashok Vihar 28/07/2017 BPPD/EN/2016-17/AV/16-17/451/15.2.2017/I-3323/1.3.2017/ 17.3.2017 399.00 N SIN B-667256 1 399.00 English Books
    Not For Loan Fiction D.B.Act.Division Bawana 27/01/2017 DBAD/PUB 399.00 N SIN EN-100732 1 399.00 English Books
      Fiction Central Jail Tihar Central Jail Tihar 23/02/2017 BPPD/EN/2016-17/285/24.11.16/I-2560/3.12.16/2.1.17 399.00 N SIN B-648628 1 399.00 English Books
      Fiction Central Library Central Library 23/02/2017 BPPD/EN/2016-17/285/24.11.16/I-2560/3.12.16/2.1.17 399.00 N SIN B-648622 1 399.00 English Books
      Fiction Janak Puri Janak Puri 23/02/2017 BPPD/EN/2016-17/285/24.11.16/I-2560/3.12.16/2.1.17 399.00 N SIN B-648629 1 399.00 English Books
      Fiction Karol Bagh Karol Bagh 23/02/2017 BPPD/EN/2016-17/285/24.11.16/I-2560/3.12.16/2.1.17 399.00 N SIN B-648631 1 399.00 English Books
      Fiction Kasturba Gandhi Marg Kasturba Gandhi Marg 23/02/2017 BPPD/EN/2016-17/285/24.11.16/I-2560/3.12.16/2.1.17 399.00 N SIN B-648625 1 399.00 English Books
      Fiction New Police Line New Police Line 23/02/2017 BPPD/EN/2016-17/285/24.11.16/I-2560/3.12.16/2.1.17 399.00 N SIN B-648623 1 399.00 English Books
      Fiction Patel Nagar Patel Nagar 23/02/2017 BPPD/EN/2016-17/285/24.11.16/I-2560/3.12.16/2.1.17 399.00 N SIN B-648624 1 399.00 English Books
      Fiction Peshwa Road Peshwa Road 23/02/2017 BPPD/EN/2016-17/285/24.11.16/I-2560/3.12.16/2.1.17 399.00 N SIN B-648626 1 399.00 English Books
      Fiction Sarojini Nagar Sarojini Nagar 23/02/2017 BPPD/EN/2016-17/285/24.11.16/I-2560/3.12.16/2.1.17 399.00 N SIN B-648630 1 399.00 English Books
      Fiction Shahdara Branch Shahdara Branch 23/02/2017 BPPD/EN/2016-17/285/24.11.16/I-2560/3.12.16/2.1.17 399.00 N SIN B-648632 1 399.00 English Books
      Fiction Shahdara Branch Shahdara Branch 10/05/2023   399.00 N SIN EN-120325 1   English Books
      Fiction Tri Nagar Tri Nagar 23/02/2017 BPPD/EN/2016-17/285/24.11.16/I-2560/3.12.16/2.1.17 399.00 N SIN B-648627 1 399.00 English Books

© Delhi Public Library
Hit Counter
free hit counter